| 000 -LEADER | |
|---|---|
| fixed length control field | 00318nam a22001457a 4500 |
| 020 ## - INTERNATIONAL STANDARD BOOK NUMBER | |
| ISBN | 013118480 |
| 050 ## - LIBRARY OF CONGRESS CALL NUMBER | |
| Classification number | HM585 |
| 100 ## - MAIN ENTRY--AUTHOR NAME | |
| Personal name | MACIONIS, John J. |
| 245 ## - TITLE STATEMENT | |
| Title | Sociology |
| 250 ## - EDITION STATEMENT | |
| Edition statement | 5th edition |
| 260 ## - PUBLICATION, DISTRIBUTION, ETC. (IMPRINT) | |
| Place of publication | New Jersey |
| Name of publisher | Prentice Hall |
| Year of publication | 1995 |
| 300 ## - PHYSICAL DESCRIPTION | |
| Number of Pages | 708p |
| 942 ## - ADDED ENTRY ELEMENTS (KOHA) | |
| Koha item type | Books |
| 988 ## - PAGINATION/EXTENT | |
| PAGINATION/EXTENT | xxvii,708p.;illust. refs |
| Koha item type | Collection code | Accession Number | Permanent Location | Current Location | Date acquired | Full call number |
|---|---|---|---|---|---|---|
| Books | Lending | 2594 | Chapman Library | Chapman Library | 2017-02-06 | HM585mac |

